[Event "London Classic CSC op U2000 7th"]
[Site "London"]
[Date "2015.12.06"]
[Round "5"]
[White "Burrows, Nick"]
[Black "Vijayakumar, Ananth"]
[Result "0-1"]
[WhiteElo "1868"]
[BlackElo "1630"]
[PlyCount "66"]
[EventDate "2015.12.04"]
[EventType "swiss"]
[EventRounds "5"]
[EventCountry "ENG"]
[SourceTitle "CBM 169 Extra"]
[Source "ChessBase"]
[SourceDate "2015.12.18"]
[SourceVersion "1"]
[SourceVersionDate "2015.12.18"]
[SourceQuality "1"]

1. e4 c5 2. b4 b6 3. bxc5 bxc5 4. Nc3 d6 5. Nf3 Nf6 6. Bc4 g6 7. 0-0 Bg7 8. Rb1 0-0 9. d3 Nc6 10. Bg5 Bg4 11. Bd5 Bxf3 12. Qxf3 Nd4 13. Qd1 Rb8 14. Rxb8 Qxb8 15. Bb3 Qb7 16. Qd2 Rb8 17. h3 Qd7 18. Ne2 Nxe2+ 19. Qxe2 h6 20. Be3 Ne8 21. Qd2 h5 22. f4 e6 23. f5 exf5 24. exf5 Kh7 25. fxg6+ fxg6 26. Rf7 Qc6 27. Bh6 Rb7 28. Bxg7 Nxg7 29. Rf8 d5 30. c3 c4 31. Qf4 cxb3 32. h4 Qc5+ 33. d4 Qxf8 0-1

[Event "BCF-ch Week2 PM op"]
[Site "Aberystwyth"]
[Date "2014.08.01"]
[Round "5"]
[White "Vijayakumar, Ananth"]
[Black "Calvert, John C"]
[Result "1-0"]
[WhiteElo "1694"]
[BlackElo "1555"]
[PlyCount "71"]
[EventDate "2014.07.28"]
[EventType "swiss"]
[EventRounds "5"]
[EventCountry "WLS"]
[SourceTitle "EXT 2017"]
[Source "ChessBase"]
[SourceDate "2016.10.25"]
[SourceVersion "1"]
[SourceVersionDate "2016.10.25"]
[SourceQuality "1"]

1. c4 Nf6 2. Nc3 c5 3. g3 g6 4. Bg2 Bg7 5. d3 0-0 6. Nf3 d6 7. 0-0 Nbd7 8. Bd2 Re8 9. a3 a6 10. Qc2 Rb8 11. a4 b6 12. Rab1 Bb7 13. b4 Qc8 14. b5 a5 15. e4 Qc7 16. Rfe1 Rbd8 17. Nh4 Kf8 18. f4 Ng8 19. Nd5 Qb8 20. Bc3 Ngf6 21. Rf1 Ba8 22. Rbe1 Nxd5 23. Bxg7+ Kxg7 24. exd5 Nf8 25. f5 Bb7 26. fxg6 fxg6 27. Qb2+ Kg8 28. Bh3 Bc8 29. Be6+ Bxe6 30. dxe6 Qc8 31. Qf2 Nxe6 32. Qf7+ Kh8 33. Qxe6 Qa8 34. Rf7 Qb7 35. Nxg6+ hxg6 36. Qxg6 1-0

[Event "BCF-ch U160"]
[Site "Aberystwyth"]
[Date "2014.07.31"]
[Round "4"]
[White "Camp, Syringa Lyn"]
[Black "Vijayakumar, Ananth"]
[Result "1-0"]
[WhiteElo "117"]
[BlackElo "153"]
[PlyCount "35"]
[EventDate "2014.07.28"]
[EventType "swiss"]
[EventRounds "5"]
[EventCountry "WLS"]
[SourceTitle "EXT 2017"]
[Source "ChessBase"]
[SourceDate "2016.10.25"]
[SourceVersion "1"]
[SourceVersionDate "2016.10.25"]
[SourceQuality "1"]

1. e4 c5 2. d4 cxd4 3. c3 d3 4. Nf3 d6 5. Bxd3 g6 6. 0-0 Bg7 7. Bf4 Nf6 8. Nbd2 Nbd7 9. Qe2 0-0 10. Rfd1 a6 11. h3 b5 12. Nf1 Qb6 13. Ng3 Bb7 14. a4 bxa4 15. Rxa4 Nc5 16. Rb4 Qc7 17. Rc4 Qb8 18. Rxc5 1-0

[Event "BCF-ch U160"]
[Site "Aberystwyth"]
[Date "2014.07.29"]
[Round "2"]
[White "Warden, Michael J"]
[Black "Vijayakumar, Ananth"]
[Result "1/2-1/2"]
[WhiteElo "135"]
[BlackElo "153"]
[PlyCount "68"]
[EventDate "2014.07.28"]
[EventType "swiss"]
[EventRounds "5"]
[EventCountry "WLS"]
[SourceTitle "EXT 2017"]
[Source "ChessBase"]
[SourceDate "2016.10.25"]
[SourceVersion "1"]
[SourceVersionDate "2016.10.25"]
[SourceQuality "1"]

1. g3 g6 2. Bg2 Bg7 3. d4 d6 4. e4 Nd7 5. Ne2 e5 6. d5 Ne7 7. 0-0 0-0 8. Nbc3 a5 9. a4 Nc5 10. f4 exf4 11. Bxf4 f5 12. Nd4 fxe4 13. Ne6 Nxe6 14. dxe6 Bxe6 15. Bxe4 Nc6 16. Qd2 Qd7 17. Bh6 Bxh6 18. Qxh6 Qg7 19. Qxg7+ Kxg7 20. Nb5 Rxf1+ 21. Rxf1 Bc4 22. Rf4 Bxb5 23. axb5 Nd8 24. c4 Ne6 25. Rf1 Nc5 26. Bd5 Rf8 27. Re1 c6 28. bxc6 bxc6 29. Bxc6 Nd3 30. Re2 Rb8 31. Bb5 Ne5 32. b3 Rb7 33. Ra2 Rb8 34. b4 Rb7 1/2-1/2

[Event "Sunningdale e2e4 U2200 op 04"]
[Site "Sunningdale"]
[Date "2014.04.18"]
[Round "2"]
[White "Tobisch, John"]
[Black "Vijayakumar, Ananth"]
[Result "1/2-1/2"]
[WhiteElo "1902"]
[BlackElo "1704"]
[PlyCount "108"]
[EventDate "2014.04.17"]
[EventType "swiss"]
[EventRounds "7"]
[EventCountry "ENG"]
[SourceTitle "EXT 2015"]
[Source "ChessBase"]
[SourceDate "2014.11.20"]
[SourceVersion "1"]
[SourceVersionDate "2014.11.20"]
[SourceQuality "1"]

1. d4 g6 2. e4 Bg7 3. f3 d6 4. c4 Nd7 5. Nc3 e5 6. d5 Ne7 7. Nh3 Nc5 8. Nf2 f5 9. Be2 f4 10. Bd2 a5 11. b3 Bd7 12. Bd3 g5 13. Bc2 Ng6 14. a3 b6 15. b4 Nb7 16. Ba4 Bxa4 17. Qxa4+ Qd7 18. Qxd7+ Kxd7 19. 0-0 h5 20. Nd3 Bf8 21. Rfc1 Be7 22. Kf2 g4 23. Rg1 Rhg8 24. Nb5 Nh4 25. Bc3 axb4 26. Bxb4 Na5 27. Bxa5 Rxa5 28. Nb4 Ng6 29. Nc6 Ra4 30. Rac1 Nh8 31. Rc3 Bf6 32. Kf1 Nf7 33. Nb4 Raa8 34. Nc2 Ng5 35. Ne1 gxf3 36. gxf3 Nf7 37. Rxg8 Rxg8 38. Rc2 h4 39. Rg2 Rxg2 40. Kxg2 Ng5 41. Nd3 h3+ 42. Kf2 c5 43. dxc6+ Kxc6 44. Nc3 Ne6 45. Nb5 Be7 46. Ke2 Bf8 47. Nb4+ Kc5 48. Kd3 Ng5 49. Na6+ Kc6 50. Ke2 Be7 51. Nc3 Ne6 52. Nb5 Ng5 53. Kf2 Ne6 54. Ke2 Ng5 1/2-1/2

[Event "London e2e4 Diamond Jubilee op-C"]
[Site "London"]
[Date "2012.06.04"]
[Round "4"]
[White "Oyama, Akito"]
[Black "Vijayakumar, Ananth"]
[Result "1-0"]
[WhiteElo "1904"]
[BlackElo "1686"]
[PlyCount "61"]
[EventDate "2012.06.02"]
[EventType "swiss"]
[EventRounds "7"]
[EventCountry "ENG"]
[SourceTitle "EXT 2014"]
[Source "ChessBase"]
[SourceDate "2013.11.20"]
[SourceVersion "1"]
[SourceVersionDate "2013.11.20"]
[SourceQuality "1"]

1. e4 c5 2. Nc3 a6 3. f4 d6 4. Nf3 Nc6 5. d3 Bg4 6. h3 Bxf3 7. Qxf3 Nd4 8. Qf2 Nf6 9. g4 b5 10. Bg2 e5 11. 0-0 Qd7 12. g5 Nh5 13. Nd5 Rb8 14. f5 Ng3 15. Re1 Nge2+ 16. Rxe2 Nxe2+ 17. Qxe2 Be7 18. Be3 Bd8 19. Rf1 0-0 20. f6 g6 21. Qf2 h5 22. gxh6 Kh7 23. Qg3 Qe6 24. h4 Rg8 25. Bh3 Qe8 26. Qg5 Rb7 27. Kh2 Qf8 28. h5 b4 29. hxg6+ fxg6 30. Be6 Rh8 31. Rg1 1-0

[Event "London e2e4 Diamond Jubilee op-C"]
[Site "London"]
[Date "2012.06.04"]
[Round "5"]
[White "Vijayakumar, Ananth"]
[Black "Nettleton, Charlie"]
[Result "0-1"]
[WhiteElo "1686"]
[BlackElo "1841"]
[PlyCount "46"]
[EventDate "2012.06.02"]
[EventType "swiss"]
[EventRounds "7"]
[EventCountry "ENG"]
[SourceTitle "EXT 2014"]
[Source "ChessBase"]
[SourceDate "2013.11.20"]
[SourceVersion "1"]
[SourceVersionDate "2013.11.20"]
[SourceQuality "1"]

1. d4 Nf6 2. c4 g6 3. Nc3 Bg7 4. e4 d6 5. f3 c6 6. Be3 a6 7. Qd2 Nbd7 8. Bh6 Bxh6 9. Qxh6 b5 10. g4 b4 11. Nce2 Qa5 12. Qd2 0-0 13. h4 e5 14. h5 d5 15. exd5 cxd5 16. dxe5 Nxe5 17. cxd5 Re8 18. b3 Bb7 19. hxg6 fxg6 20. Qh6 Nd3+ 21. Kd2 Qxd5 22. Kc2 Rac8+ 23. Kb1 Nf2 0-1

[Event "London e2e4 Diamond Jubilee op-C"]
[Site "London"]
[Date "2012.03.06"]
[Round "3"]
[White "Vijayakumar, Ananth"]
[Black "Reynolds, Mark A"]
[Result "1/2-1/2"]
[WhiteElo "1686"]
[BlackElo "1990"]
[PlyCount "45"]
[EventDate "2012.06.02"]
[EventType "swiss"]
[EventRounds "7"]
[EventCountry "ENG"]
[SourceTitle "EXT 2014"]
[Source "ChessBase"]
[SourceDate "2013.11.20"]
[SourceVersion "1"]
[SourceVersionDate "2013.11.20"]
[SourceQuality "1"]

1. d4 e6 2. Nf3 f5 3. Bg5 Nf6 4. e3 Be7 5. Bd3 0-0 6. Nbd2 d6 7. c3 Nc6 8. Qc2 d5 9. 0-0 Ne4 10. Bxe7 Qxe7 11. Bxe4 fxe4 12. Ne1 Qg5 13. Qd1 Ne7 14. Qe2 Nf5 15. g3 Nh4 16. f4 Qg6 17. Ng2 Nxg2 18. Kxg2 b6 19. Rf2 a5 20. a3 Ba6 21. Qd1 Qe8 22. Kg1 Bd3 23. Nb3 1/2-1/2